000 00708nam a22001697a 4500
003 OSt
005 20170105102933.0
008 150603b xxu||||| |||| 00| 0 eng d
020 _a9789698535230
040 _a1
082 _a954.912
_bNAD 2014
245 _aA sociolinguistic study of Wakhi language of Northern Pakistan
_cNadeem Shafiq Malik
260 _aIslāmābād, Pakistan
_bNational University of Sciences and Technology
_c2014
300 _ax, 222 p.
_bIncludes bibliographical references (pages 207-222).
650 _a1. Wakhi language--Pakistan--Gilgit-Baltistān. 2. Wakhi language--Social aspects--Pakistan--Gilgit-Baltistān. 3. Sociolinguistics--Pakistan--Gilgit-Baltistān.
942 _2ddc
_cBK
999 _c16133
_d16133